00442nam a2200157Ia 4500008004100000020001400041082001600055100001800071245001800089250000700107260004500114300002900159500001900188600002700207650005000234240925s9999 xx 000 0 und d a135343488 a005.133 LAF aLaffra, Chris 0aAdvanced Java aNA aNew Jersey:bPrintice- Hall Int.c,1997. axxvi,517p.bNAfOriginal aIncludes Index aEngineering Technology aComputer science, information & general works